Szigeti György Legyen valaki veletek /

Elmentve itt :
Bibliográfiai részletek
Szerző: Görömbei András
További közreműködők: Szigeti György
Dokumentumtípus: Cikk
Megjelent: 1970
Sorozat:Tiszatáj 24 No. 11
Kulcsszavak:Magyar irodalom - költészet - könyvismertetés
Online Access:http://tiszataj.bibl.u-szeged.hu/6607
LEADER 00657nab a2200193 i 4500
001 tisza6607
005 20200330131636.0
008 170524s1970 hu o 0|| hun d
022 |a 0133-1167 
040 |a SZTE Tiszatáj Archívum  |b hun 
041 |a hun 
100 1 |a Görömbei András 
245 1 0 |a Szigeti György   |h [elektronikus dokumentum] :  |b Legyen valaki veletek /  |c  Görömbei András 
260 |c 1970 
300 |a 1074-1075 
490 0 |a Tiszatáj  |v 24 No. 11 
695 |a Magyar irodalom - költészet - könyvismertetés 
700 0 1 |a Szigeti György 
856 4 0 |u http://tiszataj.bibl.u-szeged.hu/6607/1/tiszataj_1970_011_1074-1075.pdf  |z Dokumentum-elérés